00605nam a2200157 a 450000100100000000500170001000800410002704000250006811000410009324500510013426000420018530000200022704900090024795201740025699900170043000003349320200930070310.0110830s1912 dr 000 0 spa d aDO-SdBNPbspacBNPHU2 aAyuntamiento de Santo Domingo95902010aPresupuesto para el año económica de 1912. aSanto Domingo :bImp. Escolar,c1912. a20 p. ;c25 cm. aBNPD 001050718RVaPDbPDcCTd2011-08-30iLF1l0o p33493-10r2020-06-25w2020-06-25y1zPerteneció a la biblioteca personal de Carlos Larrazábal BlancoZNo se presta c32984d32984